000 00777nam a2200205Ii 4500
003 JO-AjNU
008 230605s9999||||xx |||||||||||||| ||und||
017 _a2006/8/2238
040 _aJO-AjNU
_bara
_erda
_cJO-AjNU
041 _aara
050 1 4 _aDS154.9.A5.I266 2006
100 3 _aعبد الهادي، جمال الدين يوسف؛ تحقيق مشعل، أبو عبيدالله فراس بن خليل,
_eauthor
_949532
245 0 0 _aالخمسة العمانية-عمان البلفاء
264 3 1 _aعمان: المحقق، 2006
300 _a135ص
336 _atext
_btxt
_2rdacontent
337 _aunmediated
_bn
_2rdamedia
338 _avolume
_bnc
_2rdacarrier
650 4 _aالاردن-تاريخ الاسلام-السيرة النبوية-الحديث
_949533
999 _aA21761
_c25329
_d25329